000 00397nam a2200145Ia 4500
008 230917s9999||||xx |||||||||||||| ||und||
040 _e185790
_aMAIN
041 _aEnglish
082 _a362.29 P416P
100 _aBahrke, Michael S, ed.
245 0 _aPerformance-enhancing substances in sport and exercise
260 _aChampaign
_bHuman Kinetics
_c2002
300 _avii, 373 p.
942 _cBK
999 _c133845
_d133845